Dịch vụ công đổi mới quản lý và tổ chức cung ứng ở Việt Nam hiện nay

Сохранить в:
Библиографические подробности
Главный автор: Chu Văn Thành.
Формат:
Язык:Vietnamese
Опубликовано: Chính trị quốc gia 2007
Метки: Добавить метку
Нет меток, Требуется 1-ая метка записи!
Thư viện lưu trữ: Mạng thư viện Đại học Đà Nẵng
LEADER 00690nam a2200253 4500
001 000020727
003 17174
005 20150326080306.0
008 150326s2007 viesd
020 |c 47000 
041 0 |a vie 
082 1 4 |a 352.7  |b CH-T 
100 1 |a Chu Văn Thành. 
245 1 0 |a Dịch vụ công đổi mới quản lý và tổ chức cung ứng ở Việt Nam hiện nay  |c Chu Văn Thành 
260 |b Chính trị quốc gia  |c 2007 
300 |a tr.  |c cm. 
OWN |a LSP 
999 |a From the UDN01 
TYP |a Monograph 
TYP |a Printed language 
980 |a Mạng thư viện Đại học Đà Nẵng